000
00308nam a22001217a 4500
008
181127b xxu||||| |||| 00| 0 eng d
041
_a
eng
080
_a
043.3
100
_a
0
101
_a
BTH-SHP
245
_a
Extraversion, trust in institutions and support for EU Membership
_c
Arifi, A
942
_2
udc
_c
BK
999
_c
52599
_d
52599